Statistics for US Nuclear Submarines

Click here to take the quiz!

General Stats

  • This quiz has been taken 20 times
  • The average score is 22 of 58

Answer Stats

Commissioned Submarine Hull # % Correct
Nov 11, 1981USS OhioSSGN-726
89%
Oct 23, 2004USS VirginiaSSN-774
83%
May 25, 1985USS AlabamaSSBN-731
61%
Jul 19, 1997USS SeawolfSSN-21
61%
Jun 18, 1983USS FloridaSSGN-728
61%
Sep 9, 2006USS TexasSSN-775
56%
Aug 16, 1986USS NevadaSSBN-733
56%
Jul 10, 1993USS NebraskaSSBN-739
56%
Jun 13, 1992USS MarylandSSBN-738
56%
Feb 11, 1984USS GeorgiaSSGN-729
56%
Jul 13, 1991USS KentuckySSBN-737
50%
Jul 9, 1994USS Rhode IslandSSBN-740
50%
Sep 9, 1989USS PennsylvaniaSSBN-735
50%
Feb 21, 2008USS North CarolinaSSN-777
50%
Sep 11, 1982USS MichiganSSGN-727
50%
Jan 25, 1986USS AlaskaSSBN-732
50%
Jul 29, 1995USS MaineSSBN-741
50%
Jul 13, 1996USS WyomingSSBN-742
44%
May 5, 2007USS HawaiiSSN-776
44%
Sep 24, 1994USS ColumbiaSSN-771
44%
11 Dec, 1998USS ConnecticutSSN-22
44%
Sep 6, 1997USS LouisianaSSBN-743
44%
Oct 25, 2008USS New HampshireSSN-778
39%
Sep 28, 1991USS AshevilleSSN-758
39%
Sep 27, 1986USS ChicagoSSN-721
39%
Feb 19, 2005USS Jimmy CarterSSN-23
39%
Dec 17, 1988USS TennesseeSSBN-734
39%
Apr 7, 1990USS AlbanySSN-753
39%
Oct 6, 1984USS Henry M. JacksonSSBN-730
39%
Oct 20, 1990USS West VirginiaSSBN-736
39%
Jan 8, 1994USS Santa FeSSN-763
33%
Jul 27, 1985USS ProvidenceSSN-719
33%
Mar 28, 1981USS BremertonSSN-698
33%
Apr 11, 1992USS AnnapolisSSN-760
33%
Nov 6, 1993USS HamptonSSN-767
33%
Sep 13, 1996USS CheyenneSSN-773
28%
Dec 10, 1994USS HartfordSSN-768
28%
Mar 13, 1993USS MontpelierSSN-765
28%
Jul 9, 1988USS Oklahoma CitySSN-723
28%
Feb 11, 1989USS PasadenaSSN-752
28%
May 16,1981USS JacksonvilleSSN-699
28%
Feb 24, 1995USS ToledoSSN-769
28%
Feb 29, 1992USS Jefferson CitySSN-759
28%
Jan 9, 1993USS SpringfieldSSN-761
22%
Jul 11, 1987USS HelenaSSN-725
22%
Aug 18, 1995USS TucsonSSN-770
22%
Oct 21, 1989USS TopekaSSN-754
22%
Jun 29, 1991USS AlexandriaSSN-757
22%
Sep 12, 1987USS Key WestSSN-722
22%
Feb 16, 1996USS GreenevilleSSN-772
22%
Jun 3, 1989USS Newport NewsSSN-750
22%
Nov 8, 1986USS LouisvilleSSN-724
22%
Jul 24, 1993USS ColumbusSSN-762
22%
Feb 7, 1987USS BoiseSSN-764
22%
Sep 16, 1994USS CharlotteSSN-766
22%
Jan 26, 1991USS ScrantonSSN-756
17%
Nov 23, 1985USS PittsburghSSN-720
17%
Nov 17, 1984USS OlympiaSSN-717
17%

Score Distribution

Percentile by Number Answered

Percent of People with Each Score

Your Score History

You have not taken this quiz